Loading...
| Science - Biology | 0 | 4 | 0 | 1 | 40 | 109 | 115.00 | 0 | 0 |
| Mythology | 0 | 4 | 0 | 0 | 40 | 53 | 77.50 | 0 | 2 |
| History - European History | 0 | 3 | 0 | 2 | 30 | 114 | 124.67 | 0 | 0 |
| History - Other History | 0 | 3 | 1 | 1 | 25 | 94 | 106.00 | 0 | 0 |
| Social Science | 0 | 2 | 0 | 0 | 20 | 126 | 126.00 | 0 | 0 |
| Literature - American Literature | 0 | 2 | 0 | 1 | 20 | 136 | 142.50 | 0 | 0 |
| Literature - European Literature | 0 | 2 | 0 | 0 | 20 | 103 | 108.00 | 0 | 0 |
| Literature - World/Other Literature | 0 | 2 | 0 | 0 | 20 | 133 | 133.00 | 0 | 0 |
| Science - Chemistry | 0 | 2 | 0 | 0 | 20 | 62 | 62.50 | 0 | 2 |
| Science - Other Science | 0 | 1 | 0 | 0 | 10 | 112 | 112.00 | 0 | 0 |
| History - American History | 0 | 1 | 0 | 0 | 10 | 114 | 114.00 | 0 | 0 |
| Philosophy | 0 | 1 | 0 | 0 | 10 | 130 | 130.00 | 0 | 0 |
| Literature - British Literature | 0 | 1 | 0 | 0 | 10 | 109 | 109.00 | 0 | 1 |
| Science - Physics | 0 | 1 | 0 | 1 | 10 | 121 | 121.00 | 0 | 0 |
| History - World History | 0 | 1 | 0 | 0 | 10 | 124 | 124.00 | 0 | 0 |
| Fine Arts - Visual Fine Arts | 0 | 0 | 0 | 0 | 0 | 0.00 | 0 | 0 | |
| Geography/Current Events | 0 | 0 | 3 | 0 | -15 | 0.00 | 0 | 0 |